NCAA Mens Basketball Final Four Locations - Statistics

General Stats
  • This quiz has been taken 961 times
    827 since last reset
  • The average score is 58 of 81
Answer Stats
Year Answer % Correct
2016 Houston
94%
2011 Houston
94%
1971 Houston
94%
1950 New York
93%
1948 New York
93%
1947 New York
93%
1946 New York
93%
1945 New York
93%
1944 New York
93%
1943 New York
93%
1986 Dallas
91%
2013 Atlanta
87%
2007 Atlanta
87%
2002 Atlanta
87%
1977 Atlanta
87%
1972 Los Angeles
87%
1968 Los Angeles
87%
2012 New Orleans
87%
2003 New Orleans
87%
1993 New Orleans
87%
1987 New Orleans
87%
1982 New Orleans
87%
2015 Indianapolis
86%
2010 Indianapolis
86%
2006 Indianapolis
86%
2000 Indianapolis
86%
1997 Indianapolis
86%
1991 Indianapolis
86%
1980 Indianapolis
86%
2018 San Antonio
83%
2008 San Antonio
83%
2004 San Antonio
83%
1998 San Antonio
83%
1995 Seattle
83%
1989 Seattle
83%
1984 Seattle
83%
1952 Seattle
83%
1949 Seattle
83%
2009 Detroit
82%
2017 Phoenix
82%
2019 Minneapolis
81%
2001 Minneapolis
76%
1992 Minneapolis
76%
1951 Minneapolis
76%
1994 Charlotte
72%
1990 Denver
71%
2005 St. Louis
71%
1978 St. Louis
71%
1973 St. Louis
71%
1988 Kansas City
70%
1964 Kansas City
70%
1961 Kansas City
70%
1957 Kansas City
70%
1955 Kansas City
70%
1954 Kansas City
70%
1953 Kansas City
70%
1942 Kansas City
70%
1941 Kansas City
70%
1940 Kansas City
70%
1981 Philadelphia
70%
1976 Philadelphia
70%
1965 Portland
66%
1975 San Diego
65%
1969 Louisville
60%
1967 Louisville
60%
1963 Louisville
60%
1962 Louisville
60%
1959 Louisville
60%
1958 Louisville
60%
1979 Salt Lake City
53%
1985 Lexington
44%
1983 Albuquerque
33%
2014 Arlington
27%
1999 St. Petersburg
20%
1974 Greensboro
18%
1996 East Rutherford
16%
1956 Evanston
11%
1939 Evanston
11%
1970 College Park
10%
1966 College Park
10%
1960 Daly City
4%
No matching quizzes found
Score Distribution
Percent of People with Each Score
Percentile by Number Answered
Your Score History
You have not taken this quiz since the last reset